000 00844nam a2200217 a 4500
005 20110905140322.0
010 _aG-001357
020 _c800.00
_a97881877339977
035 _aG-001357
037 _bGift
082 _a323.30954
100 _aAmbedkar, B.R.
_91466
245 _aWhat congress and Gandhi have done to the untouchables /
_cby B.R. Ambedkar
260 _aDelhi
_bGautam Book Centre
_c2009
270 _aC-263A, Chandan Sadan, Gali No. 9, hardevpuri, Shahdra,
_bDelhi
_e110093
300 _axiv, 383p.
_c22cm(Hb)
500 _aIncludes index
942 _2ddc
_cEN
_mAMB
_h323.30954
999 _c56300
_d56300